|
|
|
|
| LEADER |
01218nam a22003492a 4500 |
| 001 |
000194170 |
| 003 |
CZ BrMZK |
| 005 |
20130524092528.0 |
| 007 |
ta |
| 008 |
950101s1989 xr a f cze d |
| 015 |
|
|
|a cnb000050368
|
| 020 |
|
|
|a 80-85106-00-0
|q (Brož.)
|
| 035 |
|
|
|a (OCoLC)39435655
|
| 040 |
|
|
|a BOA001
|b cze
|
| 080 |
9 |
|
|a 637.3
|
| 080 |
9 |
|
|a 676
|
| 100 |
1 |
|
|a Likler, Ladislav,
|d 1943-
|7 jo20000071889
|4 aut
|
| 245 |
1 |
0 |
|a Sbíráme sýrové etikety.
|n Díl 2.,
|p Latinská a Severní Amerika
|
| 246 |
3 |
0 |
|a Latinská a Severní Amerika
|
| 250 |
|
|
|a 1. vyd.
|
| 260 |
|
|
|a Praha :
|b Ústřední kulturní dům železničářů,
|c 1989
|
| 300 |
|
|
|a 133 s. :
|b il. ;
|c 21 cm
|
| 490 |
1 |
|
|a Metodika sběratelství ;
|v sv. 4
|
| 500 |
|
|
|a 500 výt.
|
| 504 |
|
|
|a Obsahuje bibliografii
|
| 700 |
1 |
|
|a Tomka, Miroslav
|7 mzk2013762608
|4 aut
|
| 830 |
|
0 |
|a Metodika sběratelství
|
| 856 |
4 |
1 |
|u http://www.digitalniknihovna.cz/mzk/uuid/uuid:ac43f0e0-76ec-11e3-9be6-005056827e52
|y Digitalizovaný dokument
|x NDK
|
| 910 |
|
|
|a BOA001
|b 2-0897.881,2
|
| 964 |
|
|
|a Sýrové nálepky - sběratelství
|
| 990 |
|
|
|a BK
|
| 996 |
6 |
|
|b 2619991728
|c 2-0897.881,2
|l MZK
|r Sklad / do 1 hodiny
|n 1
|w 000194170
|u 000010
|a 1
|e BOA001
|j MZK50
|s P
|